English language & comprehansion : (Record no. 146312)

MARC details
000 -LEADER
fixed length control field 00684nam a22002057a 4500
005 - DATE AND TIME OF LATEST TRANSACTION
control field 20171009152808.0
010 ## - LCCN (DPL NO)
LC control number ENG-120762
020 ## - INTERNATIONAL STANDARD BOOK NUMBER
International Standard Book Number 9789352607167
Terms of availability 395.00
020 ## - INTERNATIONAL STANDARD BOOK NUMBER
International Standard Book Number 9352607163
Terms of availability 395.00
035 ## - SYSTEM CONTROL NUMBER
System control number EN-104294
037 ## - SOURCE OF ACQUISITION
Source of stock number/acquisition DBAD/PUB
082 ## - DEWEY DECIMAL CLASSIFICATION NUMBER
Classification number 480
100 ## - MAIN ENTRY--PERSONAL NAME
Personal name Hari Mohan Prasad
245 ## - TITLE STATEMENT
Title English language & comprehansion :
Statement of responsibility, etc by Hari Mohan Parsad [and] Swetali Mohan
Remainder of title as per the latest pattern of SSC examinations /
260 ## - PUBLICATION, DISTRIBUTION, ETC. (IMPRINT)
Place of publication, distribution, etc Noida
Name of publisher, distributor, etc McGraw Hill education
Date of publication, distribution, etc 2018
270 ## - ADDRESS
Address B-4, Sector-63,Dist. Gautam Budh Nagar
City Noida,(UP)
Postal code 201301
300 ## - PHYSICAL DESCRIPTION
Extent vii,C236p.
Dimensions 24cm(pbk)
700 ## - ADDED ENTRY--PERSONAL NAME
Personal name Swetali Mohan
942 ## - ADDED ENTRY ELEMENTS (KOHA)
Source of classification or shelving scheme Dewey Decimal Classification
Item type English Books
Classification part 480
Call number suffix HAR
Holdings
Withdrawn status Lost status Not for loan Collection code Home library Current library Date acquired Source of acquisition Cost, normal purchase price Full call number Barcode Copy number Cost, replacement price Koha item type
    Not For Loan Non-fiction D.B.Act.Division D.B.Act.Division 09/10/2017 DBAD/PUB 395.00 480 PRA EN-104294 1 395.00 English Books

© Delhi Public Library
Hit Counter
free hit counter